Normal view MARC view
  • Estes. R

Entry Personal Name

Number of records used in: 1

001 - CONTROL NUMBER

  • control field: 3263

003 - CONTROL NUMBER IDENTIFIER

  • control field: OSt

005 - DATE AND TIME OF LATEST TRANSACTION

  • control field: 20170603121936.0

008 - FIXED-LENGTH DATA ELEMENTS

  • fixed length control field: 170603|| aca||aabn | a|a d

040 ## - CATALOGING SOURCE

  • Original cataloging agency: OSt

100 ## - HEADING--PERSONAL NAME

  • Personal name: Estes. R

Powered by Koha